[Event "Lichtenberger Sommer 2024"]
[Site "Berlin"]
[Date "2024.08.17"]
[Round "8.24"]
[White "Jahn, Thomas"]
[Black "Hauer, Andreas"]
[Result "0-1"]
[WhiteElo "2165"]
[BlackElo "1911"]
[PlyCount "120"]
[EventDate "2024.08.10"]
[WhiteTeam "SV Empor Berlin e.V."]
[BlackTeam "SC Turm Illingen"]

1. e4 c5 2. Nf3 Nc6 3. b4 cxb4 4. d4 d5 5. exd5 Qxd5 6. c4 bxc3 7. Nxc3 Qa5 8.
Rb1 Nf6 9. d5 Nxd5 10. Qxd5 Qxc3+ 11. Bd2 Qf6 12. Be2 e6 13. Qb3 Bd6 14. O-O h6
15. Rbd1 O-O 16. Rfe1 e5 17. Bc3 Qe7 18. Bb5 Be6 19. Qb2 f6 20. Nd2 Rfd8 21.
Nc4 Bc5 22. Qe2 Nd4 23. Bxd4 Bxd4 24. Ne3 Bxe3 25. Qxe3 Rxd1 26. Rxd1 Rd8 27.
Re1 Qb4 28. a4 a6 29. Bf1 Qd2 30. Qb6 Rd6 31. Qb1 Rd4 32. Rc1 Rb4 33. Qa1 Qb2
34. a5 Qxa1 35. Rxa1 Bc4 36. Bxc4+ Rxc4 37. Rb1 Rc5 38. Kf1 Rb5 39. Ra1 Kf7 40.
Rc1 g5 41. g4 Kg6 42. Rc7 h5 43. h3 hxg4 44. hxg4 f5 45. gxf5+ Kxf5 46. Kg2 e4
47. Re7 Kf4 48. Rf7+ Ke5 49. Kg3 Kd4 50. Rc7 Kd5 51. Rg7 Kc6 52. Rg6+ Kc7 53.
Rg7+ Kb8 54. Re7 Rxa5 55. Rxe4 Rf5 56. Re2 b5 57. Kg4 Rc5 58. Re6 Kb7 59. Rh6
b4 60. Rh5 Rb5 0-1

[Event "Lichtenberger Sommer 2024"]
[Site "Berlin"]
[Date "2024.08.17"]
[Round "8.25"]
[White "Muskewitz, Bernd"]
[Black "Tomin, Bogdan"]
[Result "0-1"]
[WhiteElo "1927"]
[BlackElo "2072"]
[PlyCount "102"]
[EventDate "2024.08.10"]
[WhiteTeam "SF Nordost Berlin"]
[BlackTeam "SF Berlin 1903 e.V."]

1. e4 c5 2. Nf3 Nc6 3. c3 d5 4. exd5 Qxd5 5. d4 Bg4 6. Be2 e6 7. O-O Nf6 8. h3
Bh5 9. Be3 cxd4 10. Nxd4 Bxe2 11. Qxe2 Nxd4 12. Bxd4 Be7 13. Nd2 O-O 14. Nf3
Rfd8 15. Rfd1 Qh5 16. Qe5 b6 17. Qxh5 Nxh5 18. Be5 Nf6 19. Kf1 Nd5 20. Rd3 f6
21. Bg3 Rac8 22. Rad1 Kf7 23. Nd4 a6 24. Ne2 g5 25. Ke1 b5 26. f4 gxf4 27. Nxf4
Nxf4 28. Bxf4 Rxd3 29. Rxd3 e5 30. Be3 Ke6 31. g4 h5 32. Ke2 hxg4 33. hxg4 Rc4
34. g5 fxg5 35. Rd1 Rh4 36. Bf2 Rh2 37. Kf3 e4+ 38. Kg3 Rh4 39. Kg2 Rg4+ 40.
Kh3 Rf4 41. Bg3 Rf3 42. Kg4 Rd3 43. Rxd3 exd3 44. Kf3 Bd6 45. Bf2 Bf4 46. Bb6
g4+ 47. Kf2 Kd5 48. b3 Ke4 49. c4 bxc4 50. bxc4 Be3+ 51. Bxe3 g3+ 0-1

[Event "Lichtenberger Sommer 2024"]
[Site "Berlin"]
[Date "2024.08.17"]
[Round "8.26"]
[White "Jeß, Arne"]
[Black "Federau, Jürgen"]
[Result "0-1"]
[WhiteElo "1918"]
[BlackElo "2064"]
[PlyCount "144"]
[EventDate "2024.08.10"]
[WhiteTeam "TSG Rot-Weiß Fredersdorf/Vogelsd"]
[BlackTeam "SC Kreuzberg e.V."]

1. e4 c5 2. Nf3 d6 3. d4 cxd4 4. Nxd4 Nf6 5. Nc3 a6 6. Be2 e5 7. Nb3 Be7 8. g4
h6 9. Be3 Be6 10. h4 Nc6 11. Nd5 Bxd5 12. exd5 Na5 13. Qd2 Nxb3 14. axb3 Nd7
15. Qb4 Qc7 16. O-O-O Rc8 17. Bd3 Nc5 18. Bf5 Rd8 19. h5 Bg5 20. Bxg5 hxg5 21.
Kb1 Ke7 22. Rhe1 Kf6 23. Qc3 g6 24. hxg6 fxg6 25. Be4 a5 26. Qf3+ Kg7 27. Qe3
Qe7 28. Rh1 Rh4 29. f3 Rdh8 30. Rxh4 gxh4 31. g5 Qf8 32. Rh1 Qf4 33. Qxf4 exf4
34. Kc1 Nxe4 35. fxe4 Re8 36. Rxh4 Rxe4 37. c4 a4 38. bxa4 Rxc4+ 39. Kd2 Rxa4
40. Kd3 Rb4 41. Rh2 f3 42. Ke3 Rg4 43. Kxf3 Rxg5 44. Rd2 Kf6 45. Kf4 Rh5 46.
Kf3 Re5 47. Rd4 g5 48. Rb4 Re7 49. Kg4 Rh7 50. Rb6 Ke5 51. Rb5 Rg7 52. b3 Ke4
53. Ra5 Re7 54. Rb5 Re5 55. Rxb7 Rxd5 56. b4 Kd4 57. b5 Kc5 58. b6 Kc6 59. Rb8
Rb5 60. Rd8 Rxb6 61. Kxg5 Rb5+ 62. Kf4 Re5 63. Ra8 Re7 64. Ra1 d5 65. Rc1+ Kd6
66. Rc8 d4 67. Rd8+ Kc5 68. Rc8+ Kd5 69. Kf3 d3 70. Kf2 Kd4 71. Ra8 d2 72. Ra4+
Kc3 0-1

[Event "Lichtenberger Sommer 2024"]
[Site "Berlin"]
[Date "2024.08.17"]
[Round "8.27"]
[White "Matiashvili, Alexander Michael"]
[Black "Buttkus, Andre"]
[Result "1/2-1/2"]
[WhiteElo "1892"]
[BlackElo "2005"]
[PlyCount "49"]
[EventDate "2024.08.10"]
[WhiteTeam "SV Königsjäger Süd-West e.V."]
[BlackTeam "SK Tempelhof 1931 e.V."]

1. e4 c5 2. Nf3 e6 3. d4 cxd4 4. Nxd4 Nf6 5. Nc3 d6 6. g4 h6 7. h4 Nc6 8. Rg1
d5 9. Nxc6 bxc6 10. g5 Nxe4 11. Nxe4 dxe4 12. Qxd8+ Kxd8 13. Rg4 hxg5 14. hxg5
c5 15. Rxe4 Bb7 16. Rf4 Be7 17. Rxf7 Rh1 18. Be3 Ke8 19. Rxe7+ Kxe7 20. Bxc5+
Kf7 21. O-O-O Bf3 22. Be2 Rxd1+ 23. Bxd1 Bxd1 24. Kxd1 e5 25. Be3 1/2-1/2

[Event "Lichtenberger Sommer 2024"]
[Site "Berlin"]
[Date "2024.08.17"]
[Round "8.28"]
[White "Sabrowski, Uwe"]
[Black "Sakalli, Selcuk Orkun"]
[Result "0-1"]
[WhiteElo "1992"]
[BlackElo "1897"]
[PlyCount "122"]
[EventDate "2024.08.10"]
[WhiteTeam "SC Friesen Lichtenberg e.V."]
[BlackTeam "SC Zugzwang 95 e.V."]

1. d4 Nf6 2. c4 g6 3. Nc3 d5 4. cxd5 Nxd5 5. e4 Nxc3 6. bxc3 c5 7. Bc4 Bg7 8.
Ne2 Nc6 9. Be3 O-O 10. O-O Na5 11. Bd3 b6 12. dxc5 Qc7 13. cxb6 axb6 14. Rb1
Nc4 15. Bxc4 Qxc4 16. Rb4 Qxa2 17. Re1 Ba6 18. Nd4 Rfc8 19. Qd2 Bc4 20. Qxa2
Rxa2 21. Rxb6 Bd3 22. f3 f5 23. exf5 gxf5 24. Rd1 Rxc3 25. Rb3 Rxb3 26. Nxb3
Bc2 27. Rd8+ Kf7 28. Nd4 Bd3 29. f4 Be4 30. Nf3 Kg6 31. Rd2 Ra3 32. Kf2 Bc3 33.
Rd8 e6 34. Rg8+ Kf7 35. Rc8 Ra2+ 36. Kg3 Bf6 37. Rc7+ Kg6 38. Ra7 Re2 39. Bf2
h5 40. h4 Bxf3 41. gxf3 Rxf2 42. Ra6 Re2 43. Rc6 Bd4 44. Ra6 Bf2+ 45. Kh3 Re3
46. Ra4 Be1 47. Kg2 Bxh4 48. Ra2 Be1 49. Rc2 Bc3 50. Ra2 Kf6 51. Ra8 Kg6 52.
Ra6 Kf6 53. Ra8 Rd3 54. Rh8 Kg6 55. Re8 Kf7 56. Rc8 Bf6 57. Rc7+ Be7 58. Rc6
Rd4 59. Kg3 Bd6 60. Kh4 Bxf4 61. Kxh5 Rd2 0-1

[Event "Lichtenberger Sommer 2024"]
[Site "Berlin"]
[Date "2024.08.17"]
[Round "8.29"]
[White "Möller, Jared William"]
[Black "Matitschka, Heinz"]
[Result "0-1"]
[WhiteElo "1991"]
[BlackElo "1892"]
[PlyCount "86"]
[EventDate "2024.08.10"]
[WhiteTeam "SV Glück auf Rüdersdorf e.V."]
[BlackTeam "TSG Oberschöneweide e.V."]

1. d4 Nf6 2. c4 e6 3. Nf3 Bb4+ 4. Nbd2 b6 5. a3 Bxd2+ 6. Qxd2 a5 7. g3 Bb7 8.
Bg2 d6 9. O-O Nbd7 10. d5 e5 11. Nh4 Nc5 12. Qc2 a4 13. Nf5 O-O 14. Bg5 Bc8 15.
f4 Bxf5 16. Qxf5 Re8 17. fxe5 Rxe5 18. Qf4 Qe7 19. Qh4 Re8 20. Bh3 Nce4 21. Rf5
Nxg5 22. Qxg5 Rxf5 23. Qxf5 Qe3+ 24. Kh1 Qe4+ 25. Kg1 Qxf5 26. Bxf5 Rxe2 27.
Rb1 Kf8 28. Bd3 Rd2 29. Bf5 g6 30. Bh3 Ne4 31. Bg2 Nc5 32. Bf1 f5 33. Bh3 h5
34. Rf1 Kg7 35. Rf2 Rxf2 36. Kxf2 Kf6 37. Ke3 Ke5 38. Bf1 g5 39. h4 g4 40. Be2
Ne4 41. Bd1 Nxg3 42. Bxa4 f4+ 43. Kf2 Ne4+ 0-1

[Event "Lichtenberger Sommer 2024"]
[Site "Berlin"]
[Date "2024.08.17"]
[Round "8.30"]
[White "Scholz, Alexander"]
[Black "Bongardt, Livius"]
[Result "1/2-1/2"]
[WhiteElo "1977"]
[BlackElo "1875"]
[PlyCount "116"]
[EventDate "2024.08.10"]
[WhiteTeam "Sfr.Heidesheim"]
[BlackTeam "TSG Oberschöneweide e.V."]

1. e4 e5 2. Nf3 Nc6 3. d4 exd4 4. Bc4 Nf6 5. e5 d5 6. Bb5 Ne4 7. Nxd4 Bc5 8.
Be3 O-O 9. Nxc6 bxc6 10. Bxc5 Nxc5 11. Bxc6 Rb8 12. Nc3 d4 13. Na4 Qe7 14. O-O
Nxa4 15. Bxa4 Qxe5 16. Re1 Qf6 17. Bb3 Rb6 18. Qe2 Bb7 19. f3 Qg6 20. Rad1 Rf6
21. Rxd4 Rxf3 22. Kh1 Qf6 23. Rd2 Rf4 24. h3 Qh4 25. Rf1 Qxh3+ 26. Kg1 Rxf1+
27. Qxf1 Qe3+ 28. Qf2 Qxf2+ 29. Kxf2 Bc8 30. Rd4 Re8 31. Ra4 a6 32. Bc4 Kf8 33.
Bxa6 Bxa6 34. Rxa6 Ke7 35. Ra3 Kd6 36. Re3 Rb8 37. b3 h5 38. a4 g5 39. Rd3+ Ke6
40. Re3+ Kd6 41. Rf3 Ke6 42. Rc3 Kd6 43. Rh3 h4 44. g3 hxg3+ 45. Kxg3 Rb4 46.
Rh6+ Kd7 47. Rf6 Ke7 48. Rf1 c5 49. Rd1 Ke6 50. Ra1 c4 51. Ra3 f5 52. a5 cxb3
53. cxb3 Kd6 54. a6 Rb8 55. b4 Kc6 56. Ra5 Kb6 57. a7 Ra8 58. Rxf5 Rxa7 1/2-1/2

[Event "Lichtenberger Sommer 2024"]
[Site "Berlin"]
[Date "2024.08.17"]
[Round "8.31"]
[White "Idaczek, Günter"]
[Black "Sklorz, Tobias"]
[Result "1-0"]
[WhiteElo "1948"]
[BlackElo "1843"]
[PlyCount "87"]
[EventDate "2024.08.10"]
[WhiteTeam "SG NARVA Berlin e.V."]
[BlackTeam "TSV Mariendorf 1897"]

1. d4 d5 2. Nf3 Nf6 3. Bf4 e6 4. e3 c5 5. h3 Bd6 6. c3 O-O 7. Bd3 Nc6 8. Ne5
Qc7 9. Bg5 Bxe5 10. dxe5 Qxe5 11. Bf4 Qh5 12. g4 Qh4 13. Bg3 Qh6 14. f4 g5 15.
h4 gxf4 16. g5 Qg7 17. Bxf4 Ne4 18. Nd2 Rd8 19. Bxe4 dxe4 20. Qe2 e5 21. Bh2
Rxd2 22. Kxd2 Be6 23. Kc2 a5 24. a4 Qf8 25. Rhd1 Qc8 26. Qf2 Qc7 27. Rd2 Bc4
28. Rg1 Bd3+ 29. Kd1 Re8 30. h5 Re6 31. Qg3 Ne7 32. Qg4 Qb6 33. Ke1 c4 34. Kf2
Nd5 35. Re1 Kh8 36. Qf5 f6 37. h6 Ne7 38. Qg4 fxg5 39. Kg2 Qc6 40. Rf2 Ng6 41.
Kh1 Nf4 42. Qxg5 Qd7 43. Rg1 Qf7 44. Bxf4 1-0

[Event "Lichtenberger Sommer 2024"]
[Site "Berlin"]
[Date "2024.08.17"]
[Round "8.32"]
[White "Scheide, Helmut"]
[Black "Eis, Cedric"]
[Result "1-0"]
[WhiteElo "1946"]
[BlackElo "1860"]
[PlyCount "135"]
[EventDate "2024.08.10"]
[WhiteTeam "USV Potsdam e.V., Abt. Schach"]
[BlackTeam "SF Berlin 1903 e.V."]

1. Nf3 c5 2. e3 d5 3. d4 cxd4 4. exd4 Nc6 5. Be2 Bf5 6. c3 Nf6 7. Nbd2 Qc7 8.
O-O e6 9. c4 Be7 10. b3 O-O 11. Bb2 Rad8 12. Rc1 Qb8 13. h3 Nb4 14. a3 Nd3 15.
Bxd3 Bxd3 16. Re1 h6 17. Ne5 Bh7 18. c5 Qc7 19. b4 Ne4 20. Ndf3 Ng5 21. Nxg5
Bxg5 22. Rc3 Be4 23. Bc1 f6 24. Nf3 Kf7 25. Nxg5+ hxg5 26. Rce3 Rde8 27. Rg3
Rh8 28. a4 Rh4 29. b5 Reh8 30. Ree3 g4 31. Rxg4 Rxg4 32. Qxg4 Bf5 33. Qe2 g5
34. g4 Be4 35. Rg3 Kg6 36. Qd2 Rh4 37. Qe3 Kf7 38. f4 gxf4 39. Qxf4 Qxf4 40.
Bxf4 Rh8 41. a5 Rc8 42. Rc3 Kg6 43. c6 bxc6 44. Rxc6 Rxc6 45. bxc6 Bd3 46. Kf2
Bb5 47. c7 Bd7 48. Ke2 Kf7 49. Kd2 Bc8 50. Kc3 Ke7 51. Kb4 Ba6 52. Kc5 Kd7 53.
h4 Be2 54. g5 fxg5 55. hxg5 Bd3 56. Kb4 Kc8 57. Kc3 Bg6 58. Be5 Bf5 59. Kd2 Kd7
60. Ke3 Be4 61. Kf4 Bf5 62. Bd6 Bd3 63. Ke5 Ba6 64. g6 Bd3 65. Kf6 Bf5 66. Kf7
e5 67. Bxe5 Be6+ 68. Kf8 1-0

[Event "Lichtenberger Sommer 2024"]
[Site "Berlin"]
[Date "2024.08.17"]
[Round "8.33"]
[White "Argote, Carlos David"]
[Black "Cox, Johannes"]
[Result "1/2-1/2"]
[WhiteElo "1941"]
[BlackElo "1400"]
[PlyCount "82"]
[EventDate "2024.08.10"]
[WhiteTeam "SK Zehlendorf e.V."]
[BlackTeam "vereinslos"]

1. e4 c5 2. Nf3 d6 3. d4 cxd4 4. Nxd4 Nf6 5. Nc3 a6 6. f3 e5 7. Nb3 Be7 8. Be3
Be6 9. Qd2 Nbd7 10. g4 Rc8 11. O-O-O b5 12. g5 Nh5 13. h4 Ng3 14. Rg1 Nxf1 15.
Rdxf1 Nb6 16. Bxb6 Qxb6 17. Nd5 Bxd5 18. Qxd5 Qe3+ 19. Qd2 Qxd2+ 20. Nxd2 h6
21. Rg2 hxg5 22. hxg5 g6 23. Rfg1 Kd7 24. Nf1 Ke6 25. Ne3 Rh3 26. Rg3 Rh2 27.
R1g2 Rxg2 28. Rxg2 Rh8 29. Nd5 Bd8 30. Kd2 Rh5 31. Kd3 a5 32. c4 b4 33. f4 Rh3+
34. Kc2 Rf3 35. f5+ gxf5 36. g6 fxg6 37. Rxg6+ Kd7 38. Rg7+ Kc6 39. Rg8 Kd7 40.
Rg7+ Kc6 41. Rg8 Kd7 1/2-1/2

[Event "Lichtenberger Sommer 2024"]
[Site "Berlin"]
[Date "2024.08.17"]
[Round "8.34"]
[White "Oppermann, Peter"]
[Black "Schmidt, Fabian"]
[Result "0-1"]
[WhiteElo "1872"]
[BlackElo "1934"]
[PlyCount "72"]
[EventDate "2024.08.10"]
[WhiteTeam "SK Bad Harzburg"]
[BlackTeam "SV Königsjäger Süd-West e.V."]

1. d4 d5 2. Nf3 Nf6 3. e3 Bf5 4. Nbd2 c6 5. b3 h6 6. Bb2 e6 7. a3 Nbd7 8. c4
Bd6 9. Rc1 O-O 10. Be2 Qe7 11. c5 Bc7 12. b4 e5 13. dxe5 Nxe5 14. Nxe5 Bxe5 15.
Bxe5 Qxe5 16. Nf3 Qb2 17. Nd4 Bg6 18. O-O Qxa3 19. Qd2 Ne4 20. Qe1 a5 21. b5
Rfc8 22. Bg4 Rc7 23. f3 Nf6 24. Rc3 Qb4 25. bxc6 bxc6 26. Qc1 a4 27. Rf2 Rb8
28. Bf5 Bh7 29. g4 Bxf5 30. gxf5 Nd7 31. f4 Nf6 32. Rfc2 Ne4 33. Ra3 Kh7 34.
Kg2 Ra8 35. Kf3 Ra5 36. Rb2 Qxa3 0-1

[Event "Lichtenberger Sommer 2024"]
[Site "Berlin"]
[Date "2024.08.17"]
[Round "8.35"]
[White "Bornschein, Burkhard"]
[Black "Sauer, Jakob"]
[Result "1-0"]
[WhiteElo "1996"]
[BlackElo "1644"]
[PlyCount "141"]
[EventDate "2024.08.10"]
[WhiteTeam "BSC Rehberge 1945 e.V."]
[BlackTeam "TSG Oberschöneweide e.V."]

1. d4 d5 2. c4 e6 3. cxd5 exd5 4. Nc3 Nf6 5. Bg5 Be7 6. e3 c6 7. Qc2 Nbd7 8.
Bd3 h6 9. Bh4 Nh5 10. Bxe7 Qxe7 11. Nge2 Nf8 12. h3 Ne6 13. O-O-O Nf6 14. Kb1
Ng5 15. Ng3 O-O 16. Rhe1 Rd8 17. f4 Ne6 18. Nf5 Qc7 19. g4 Nf8 20. Rg1 Bxf5 21.
gxf5 Qe7 22. Qg2 Ne8 23. e4 dxe4 24. Nxe4 Nh7 25. Bc4 Nhf6 26. Nf2 Rd6 27. Rge1
Qf8 28. Ng4 Nxg4 29. hxg4 Nf6 30. g5 Nd5 31. gxh6 Rxh6 32. Bxd5 cxd5 33. Rh1
Qd6 34. Rdg1 Qf6 35. Qxd5 Rxh1 36. Rxh1 Rd8 37. Qe5 Qxe5 38. dxe5 Rd4 39. Rf1
Kf8 40. Kc2 f6 41. Kc3 fxe5 42. fxe5 Re4 43. e6 Re5 44. Rf2 Ke7 45. Kd4 Kf6 46.
b4 a5 47. a3 b6 48. bxa5 Rxa5 49. Rf3 Rc5 50. Re3 Ke7 51. Re5 Rc1 52. Rb5 Rf1
53. Ke5 Re1+ 54. Kd5 Rd1+ 55. Kc6 Rd6+ 56. Kb7 Rd3 57. Kxb6 Rxa3 58. Kc6 Rc3+
59. Kd5 Rc7 60. Ra5 Kf6 61. Ra8 g5 62. Rf8+ Kg7 63. Rd8 Kf6 64. Rd7 Rxd7+ 65.
exd7 Kxf5 66. d8=Q g4 67. Qd6 Kg5 68. Qg3 Kf5 69. Qf2+ Kg5 70. Ke5 Kh5 71. Kf5
1-0

[Event "Lichtenberger Sommer 2024"]
[Site "Berlin"]
[Date "2024.08.17"]
[Round "8.36"]
[White "Shvedchikov, Sergei"]
[Black "Skowronski, Peter"]
[Result "1-0"]
[WhiteElo "1993"]
[BlackElo "1863"]
[PlyCount "39"]
[EventDate "2024.08.10"]
[WhiteTeam "vereinslos"]
[BlackTeam "vereinslos"]

1. d4 e6 2. c4 Nf6 3. Nc3 d5 4. Bg5 Be7 5. e3 O-O 6. Nf3 h6 7. Bxf6 Bxf6 8. Ne5
Bxe5 9. dxe5 c6 10. f4 f6 11. exf6 Qxf6 12. Bd3 Kh8 13. O-O Nd7 14. Rc1 Nb6 15.
b3 Bd7 16. Bb1 g5 17. Qd3 Qg7 18. c5 Nc8 19. fxg5 Rxf1+ 20. Rxf1 1-0

[Event "Lichtenberger Sommer 2024"]
[Site "Berlin"]
[Date "2024.08.17"]
[Round "8.37"]
[White "Beran, Rolf-Dietrich"]
[Black "Kapr, Klaus"]
[Result "1-0"]
[WhiteElo "1957"]
[BlackElo "1862"]
[PlyCount "61"]
[EventDate "2024.08.10"]
[WhiteTeam "SG Rot-Weiß Neuenhagen"]
[BlackTeam "SC Friesen Lichtenberg e.V."]

1. c4 Nc6 2. g3 g6 3. Bg2 Bg7 4. Nc3 e5 5. Rb1 Nge7 6. b4 d6 7. e3 O-O 8. Nge2
a6 9. O-O f5 10. d3 Qe8 11. a3 Be6 12. Nd5 Bxd5 13. cxd5 Nd8 14. Bb2 Qf7 15. e4
c6 16. dxc6 bxc6 17. f4 exf4 18. Bxg7 Qxg7 19. Nxf4 Ra7 20. Qd2 Rc7 21. Rbc1
Kh8 22. Kh1 Qe5 23. d4 Qg7 24. Ne2 Ne6 25. d5 cxd5 26. exd5 Rxc1 27. Rxc1 Nd8
28. Nd4 Qf7 29. Nc6 Qf6 30. Qd3 Nexc6 31. dxc6 1-0

[Event "Lichtenberger Sommer 2024"]
[Site "Berlin"]
[Date "2024.08.17"]
[Round "8.41"]
[White "Potgieter, Edward"]
[Black "Schmidt, Dietrich"]
[Result "1-0"]
[WhiteElo "1848"]
[BlackElo "1932"]
[PlyCount "47"]
[EventDate "2024.08.10"]
[WhiteTeam "Johannesburg Metro Chess"]
[BlackTeam "SV Empor Berlin e.V."]

1. e4 c6 2. Nc3 d5 3. Nf3 dxe4 4. Nxe4 Nd7 5. Bc4 Ngf6 6. Neg5 e6 7. Qe2 Nb6 8.
Ne5 Qd4 9. Bb3 Bc5 10. c3 Qh4 11. d4 Be7 12. Ngxf7 O-O 13. Ng5 Nfd5 14. g3 Qh6
15. h4 Rf5 16. Ne4 g5 17. Ng4 Qg7 18. hxg5 Bd7 19. Bc2 Raf8 20. Ngf6+ Nxf6 21.
Nxf6+ Bxf6 22. gxf6 Qxf6 23. Bxf5 Qxf5 24. Rh5 1-0

[Event "Lichtenberger Sommer 2024"]
[Site "Berlin"]
[Date "2024.08.17"]
[Round "8.42"]
[White "Guder, Sibylle"]
[Black "Pueschel, Werner"]
[Result "1/2-1/2"]
[WhiteElo "1915"]
[BlackElo "2013"]
[PlyCount "50"]
[EventDate "2024.08.10"]
[WhiteTeam "SF Berlin 1903 e.V."]
[BlackTeam "vereinslos"]

1. c4 b6 2. Nc3 Bb7 3. d3 g6 4. Bd2 Bg7 5. e4 e6 6. g3 Ne7 7. Bg2 O-O 8. Qc1
Re8 9. Bh6 Bh8 10. h4 d5 11. Nge2 Na6 12. O-O Nb4 13. Rd1 d4 14. Nb5 a6 15. Na3
c5 16. Nc2 Nbc6 17. Rf1 Ne5 18. Ne1 Ng4 19. Bd2 Qd7 20. Nf3 Rac8 21. Nf4 b5 22.
b3 b4 23. h5 a5 24. hxg6 hxg6 25. Bh3 Nf6 1/2-1/2

[Event "Lichtenberger Sommer 2024"]
[Site "Berlin"]
[Date "2024.08.17"]
[Round "8.43"]
[White "Bruening, Wolfgang"]
[Black "Reddi, Bhuvana"]
[Result "1-0"]
[WhiteElo "1840"]
[BlackElo "1927"]
[PlyCount "65"]
[EventDate "2024.08.10"]
[WhiteTeam "vereinslos"]
[BlackTeam "SC Weisse Dame e.V."]

1. d4 Nf6 2. Nf3 g6 3. c4 Bg7 4. g3 O-O 5. Bg2 d6 6. O-O Nbd7 7. Nc3 Re8 8. e4
e5 9. Re1 exd4 10. Nxd4 Nc5 11. f3 Nfd7 12. b4 Na6 13. a3 Qf6 14. Be3 Ne5 15.
Nd5 Qd8 16. Rc1 Bd7 17. h3 Qc8 18. Kh2 Qd8 19. f4 c6 20. fxe5 cxd5 21. exd6
dxc4 22. Rxc4 Rc8 23. Rxc8 Qxc8 24. Qd2 Qb8 25. Bf4 Be5 26. Nf3 f6 27. Nxe5
fxe5 28. Qd5+ Be6 29. Qxe5 Bxh3 30. Qd4 Bd7 31. Bh6 Kf7 32. Qg7+ Ke6 33. Bh3+
1-0

[Event "Lichtenberger Sommer 2024"]
[Site "Berlin"]
[Date "2024.08.17"]
[Round "8.44"]
[White "Becker, Werner"]
[Black "Meister, Alexander"]
[Result "0-1"]
[WhiteElo "1788"]
[BlackElo "1925"]
[PlyCount "120"]
[EventDate "2024.08.10"]
[WhiteTeam "SC Rochade e.V."]
[BlackTeam "vereinslos"]

1. d4 d5 2. Nf3 e6 3. Bf4 Nf6 4. c3 b6 5. e3 Nh5 6. Bg5 Be7 7. Bxe7 Qxe7 8. Ne5
Nf6 9. Bb5+ Kf8 10. Nd2 Bb7 11. a4 a6 12. Be2 a5 13. Ndf3 Nfd7 14. O-O f6 15.
Nd3 Kf7 16. Nh4 g5 17. Bh5+ Kg7 18. Nf3 c5 19. Nd2 c4 20. Ne1 f5 21. h3 Nf6 22.
g4 Nxh5 23. gxh5 Nd7 24. f4 h6 25. Rf2 Kh7 26. Nef3 Rhg8 27. Kh2 Rg7 28. Ne5
Nxe5 29. fxe5 Bc6 30. Qf3 Rag8 31. Rg1 Bxa4 32. e4 dxe4 33. Nxe4 fxe4 34. Qxe4+
Kh8 35. Rf6 Rh7 36. Rgf1 Bd7 37. Qg2 Bc8 38. Kg3 Bb7 39. Qf2 Be4 40. Rf7 Qxf7
41. Qxf7 Rxf7 42. Rxf7 Bd5 43. Kg4 Ra8 44. Rf6 Kg7 45. Rg6+ Kh7 46. Rf6 Ra7 47.
Rf8 a4 48. Rd8 a3 49. bxa3 Rxa3 50. Rd7+ Kg8 51. Rd8+ Kf7 52. Rd7+ Ke8 53. Rh7
Rxc3 54. Rxh6 b5 55. Kxg5 Rxh3 56. Rh7 c3 57. h6 c2 58. Rh8+ Kd7 59. Rh7+ Kc8
60. Kg4 Rh1 0-1

[Event "Lichtenberger Sommer 2024"]
[Site "Berlin"]
[Date "2024.08.17"]
[Round "8.45"]
[White "Teusch, Lucas"]
[Black "Grillich, Alexander"]
[Result "0-1"]
[WhiteElo "1776"]
[BlackElo "1915"]
[PlyCount "112"]
[EventDate "2024.08.10"]
[WhiteTeam "Leegebrucher SF"]
[BlackTeam "SC Rochade e.V."]

1. d4 d6 2. Nf3 Nf6 3. Bf4 g6 4. e3 Bg7 5. h3 O-O 6. Be2 c5 7. c3 Qb6 8. Qb3
Be6 9. Qxb6 axb6 10. a3 Nc6 11. Nbd2 Na5 12. Ng5 Bd7 13. O-O h6 14. Ngf3 g5 15.
Bh2 Bf5 16. b4 Nc6 17. Nc4 b5 18. Nb6 Ra6 19. bxc5 dxc5 20. dxc5 Ra5 21. Nd4
Nxd4 22. cxd4 e6 23. Bc7 Ra7 24. f3 Nd5 25. Nxd5 exd5 26. Bb6 Raa8 27. Bxb5 Bc2
28. a4 f5 29. Rfc1 Bb3 30. Ra3 Bc4 31. Bxc4 dxc4 32. Rxc4 f4 33. e4 Rfc8 34. a5
Bf6 35. Kf2 Bd8 36. Rca4 Ra6 37. Ke2 Kf7 38. Kd3 Ke6 39. Kc4 Bxb6 40. axb6 Rxb6
41. Rb3 Rxb3 42. Kxb3 h5 43. Kc4 g4 44. hxg4 hxg4 45. Ra7 gxf3 46. gxf3 Rc7 47.
d5+ Ke5 48. c6 b5+ 49. Kxb5 Rxa7 50. Kb6 Ra3 51. c7 Rc3 52. Kb7 Rb3+ 53. Kc6
Rxf3 54. c8=Q Rc3+ 55. Kd7 Rxc8 56. Kxc8 Kd6 0-1

[Event "Lichtenberger Sommer 2024"]
[Site "Berlin"]
[Date "2024.08.17"]
[Round "8.46"]
[White "Rauscher, Joachim"]
[Black "Kapp, Frank"]
[Result "1/2-1/2"]
[WhiteElo "1803"]
[BlackElo "1905"]
[PlyCount "45"]
[EventDate "2024.08.10"]
[WhiteTeam "SC Brett vorm Kopp Ffm"]
[BlackTeam "TSV IFA Chemnitz"]

1. e4 e6 2. d4 d5 3. Nd2 c5 4. exd5 Qxd5 5. dxc5 Bxc5 6. Ngf3 Nf6 7. Bc4 Qd8 8.
O-O O-O 9. Nb3 Be7 10. Bg5 Qc7 11. Qe2 b6 12. Nbd4 a6 13. Rad1 Bb7 14. c3 b5
15. Bb3 Nc6 16. Bc2 Rad8 17. Bb1 Nxd4 18. Rxd4 Rxd4 19. Nxd4 Qc5 20. Be3 Qd5
21. f3 Rd8 22. Nb3 h6 23. Bc2 1/2-1/2

[Event "Lichtenberger Sommer 2024"]
[Site "Berlin"]
[Date "2024.08.17"]
[Round "8.47"]
[White "Gehrke, Karsten"]
[Black "Drave, Samuel"]
[Result "0-1"]
[WhiteElo "1890"]
[BlackElo "1757"]
[PlyCount "54"]
[EventDate "2024.08.10"]
[WhiteTeam "SV Mattnetz Berlin e.V."]
[BlackTeam "SV Berolina Mitte e.V."]

1. c4 b6 2. Nc3 Bb7 3. e4 e5 4. Nge2 Nc6 5. g3 g6 6. Bg2 Bg7 7. O-O Nge7 8. d3
O-O 9. Be3 Nd4 10. Qd2 f5 11. f4 Nxe2+ 12. Nxe2 exf4 13. Nxf4 c5 14. Nd5 Nxd5
15. exd5 Qf6 16. Rab1 Rae8 17. b4 Qc3 18. Bh6 Qd4+ 19. Kh1 Bxh6 20. Qxh6 Qxd3
21. bxc5 Qxc4 22. c6 dxc6 23. Rbc1 Qe2 24. dxc6 Ba8 25. Rcd1 Rf6 26. Bf3 Bxc6
27. Bxc6 Rxc6 0-1

[Event "Lichtenberger Sommer 2024"]
[Site "Berlin"]
[Date "2024.08.17"]
[Round "8.48"]
[White "Eroglu, Ilgin Deniz"]
[Black "Besbudak, Özgür"]
[Result "1/2-1/2"]
[WhiteElo "1472"]
[BlackElo "1889"]
[PlyCount "167"]
[EventDate "2024.08.10"]
[WhiteTeam "Sampiyon Mersin"]
[BlackTeam "SF Berlin 1903 e.V."]

1. e4 c5 2. Nf3 a6 3. Be2 Nc6 4. c3 d5 5. d3 e6 6. O-O g6 7. Qc2 Bg7 8. Bf4 e5
9. Bg3 d4 10. cxd4 cxd4 11. Nbd2 Nge7 12. a3 O-O 13. Nc4 f6 14. b4 b5 15. Ncd2
Be6 16. Nb3 Bxb3 17. Qxb3+ Kh8 18. Rac1 Qd6 19. Rc5 Rfb8 20. Rfc1 a5 21. bxa5
Rxa5 22. Ne1 Bh6 23. R1c2 Rba8 24. Rxb5 Rxa3 25. Qc4 R3a5 26. Rb7 R5a7 27. Rxa7
Rxa7 28. Ra2 Rxa2 29. Qxa2 Kg7 30. Nc2 Qc5 31. h3 Qc3 32. Qc4 Qxc4 33. dxc4 Bc1
34. f3 Kf7 35. Be1 Ke6 36. Bd3 Kd6 37. Nb4 Ba3 38. Nd5 f5 39. Kf2 f4 40. Ke2
Kc5 41. Kd1 Nc8 42. Kc2 Bb4 43. Bh4 Ba5 44. Bf6 Bd8 45. Bg7 Be7 46. Nxe7 N8xe7
47. Bf8 Kb4 48. Kb2 Ka4 49. Bc2+ Ka5 50. Bb3 Nc8 51. Bg7 Nb6 52. c5 Na4+ 53.
Bxa4 Kxa4 54. Bf8 Kb4 55. Kc2 Kc4 56. Kd2 Kb5 57. Bd6 Ka6 58. Kd3 Kb7 59. Kd2
Kc8 60. h4 Kd7 61. Kd3 Ke6 62. Kd2 Ne7 63. Bc7 h6 64. Kd3 g5 65. h5 Ng8 66. Bb8
Nf6 67. c6 Ne8 68. c7 Nd6 69. Ba7 Kd7 70. Bb6 Ne8 71. Bc5 Nxc7 72. Bf8 Ke6 73.
Bxh6 Kf6 74. Bf8 Ne6 75. Bd6 Nd8 76. Kc4 Nf7 77. Bf8 Nd8 78. h6 Kg6 79. Bg7 Nf7
80. Kd3 Kh7 81. Kc4 Nd6+ 82. Kd3 Nf7 83. Kc4 Kg6 84. Kd3 1/2-1/2

[Event "Lichtenberger Sommer 2024"]
[Site "Berlin"]
[Date "2024.08.17"]
[Round "8.49"]
[White "Geyler, Stefan"]
[Black "Semahin, Volodymyr"]
[Result "0-1"]
[WhiteElo "1886"]
[BlackElo "1715"]
[PlyCount "60"]
[EventDate "2024.08.10"]
[WhiteTeam "BSG 1827 Eckbauer e.V."]
[BlackTeam "vereinslos"]

1. e4 Nf6 2. e5 Nd5 3. c4 Nb6 4. d4 d6 5. exd6 cxd6 6. Nc3 Nc6 7. h3 Bf5 8. Be3
e6 9. Nf3 d5 10. c5 Nd7 11. Bd3 Bxd3 12. Qxd3 b6 13. cxb6 Qxb6 14. O-O Be7 15.
Rad1 O-O 16. Bc1 Rfc8 17. Rfe1 Nf6 18. Ne5 Nxe5 19. dxe5 Nd7 20. Qb5 Nc5 21.
Qxb6 axb6 22. Be3 h6 23. a3 Rc6 24. f3 Nb3 25. Nb5 Rc2 26. Bxb6 Rxb2 27. Bf2
Bxa3 28. Nxa3 Rxa3 29. Rb1 Rc2 30. Red1 Raa2 0-1